Classical Mythology

Los puntos trascendentales trazados en este documento giran en torno al fenómeno mítico-religioso: lo sagrado y el símbolo.

Salvato in:
Dettagli Bibliografici
Autore principale: Morford, Mark P. O.; Lenardon, Robert J.
Natura: Libro
Lingua:English
Pubblicazione: London, England Longman 1985
Soggetti:
Tags: Aggiungi Tag
Nessun Tag, puoi essere il primo ad aggiungerne!!

MARC

LEADER 00000nam a2200000Ia 4500
008 170316s9999 xx 000 0 eng d
999 |c 30883  |d 30883 
040 |a cru BVZT 
090 |a 291 M-5c 
100 |a Morford, Mark P. O.; Lenardon, Robert J. 
245 |a Classical Mythology  |c  / Morford, Mark P. O.; Lenardon, Robert J. 
260 |a London, England  |b Longman  |c 1985 
300 |a 576 páginas 
520 |a Los puntos trascendentales trazados en este documento giran en torno al fenómeno mítico-religioso: lo sagrado y el símbolo. 
546 |a Español 
650 |a MITOLOGÍA  |9 150 
650 |a EN IDIOMA INGLÉS  |9 129 
650 |a MITOS 
650 |a MITOLOGÍA CLASICA  |9 148 
650 |a CLASSICAL MYTHOLOGY 
650 |a TEOGONIA - HESIODO 
650 |a SIMBOLISMO EN LA LITERATURA 
650 |a FILOSOFÍA DE LA RELIGIÓN 
942 0 0 |0 2  |2 z  |c 15 D